000 00425nam a22001457a 4500
003 0
005 20160609172206.0
008 130812t xxu||||| |||| 00| 0 eng d
040 _aBUAC
_bFr
_cBEPAC
100 _aASSANI, Dine
_926147
245 _aEtude de la production du bois dans la commune de So-Ava
_cASSANI, Dine
260 _aAbomey-Calavi
_bEcole Polytechnique d’Abomey-Calavi
_c2007
300 _a48p.
942 _cTHE
999 _c52402
_d52402